<?xml version="1.0" encoding="UTF-8"?>
<marc:record xmlns:marc="http://www.loc.gov/MARC21/slim">
   <marc:leader>00000nam a2200000 a 4500</marc:leader>
   <marc:datafield ind1="1" ind2=" " tag="100">
      <marc:subfield code="a">Mennen, Patricia</marc:subfield>
      <marc:subfield code="4">aut</marc:subfield>
      <marc:subfield code="e">Verfasser/-in</marc:subfield>
   </marc:datafield>
   <marc:datafield ind1=" " ind2=" " tag="653">
      <marc:subfield code="a">Müll</marc:subfield>
   </marc:datafield>
   <marc:datafield ind1=" " ind2=" " tag="653">
      <marc:subfield code="a">Abfall</marc:subfield>
   </marc:datafield>
   <marc:datafield ind1=" " ind2=" " tag="653">
      <marc:subfield code="a">Umweltschutz</marc:subfield>
   </marc:datafield>
   <marc:datafield ind1=" " ind2=" " tag="653">
      <marc:subfield code="a">Einkaufen</marc:subfield>
   </marc:datafield>
   <marc:datafield ind1=" " ind2=" " tag="653">
      <marc:subfield code="a">Müllentsorgung´</marc:subfield>
   </marc:datafield>
   <marc:datafield ind1=" " ind2=" " tag="653">
      <marc:subfield code="a">Müllvermeidung</marc:subfield>
   </marc:datafield>
   <marc:datafield ind1="0" ind2="0" tag="245">
      <marc:subfield code="a">Wie helfe ich der Umwelt?</marc:subfield>
   </marc:datafield>
   <marc:datafield ind1="0" ind2="0" tag="245">
      <marc:subfield code="c">Patricia Mennen</marc:subfield>
   </marc:datafield>
   <marc:datafield ind1=" " ind2="1" tag="264">
      <marc:subfield code="a">Ravensburg</marc:subfield>
      <marc:subfield code="b">Ravensburger</marc:subfield>
      <marc:subfield code="c">2022</marc:subfield>
   </marc:datafield>
   <marc:datafield ind1="1" ind2=" " tag="490">
      <marc:subfield code="a">Wieso? Weshalb? Warum? Junior</marc:subfield>
   </marc:datafield>
   <marc:datafield ind1="1" ind2=" " tag="520">
      <marc:subfield code="a">Topaktuelle Themen Umweltschutz und Müll – auch zu Hause und in der Kita&lt;br/&gt;Ganz nah am Familienalltag und am Kind&lt;br/&gt;Schafft schon bei Kindern ab 2 Jahren spielerisch ein erstes Umweltbewusstsein&lt;br/&gt;Mit Klappen Müll sortieren, Kaputtes reparieren und Pflanzen gießen&lt;br/&gt;Kompetent recherchiert und geprüft&lt;br/&gt;&lt;br/&gt;Plastik, Strom und Wasser sparen – hier machen schon die Kleinsten mit&lt;br/&gt;&lt;br/&gt;Ohne eine saubere Natur geht nichts! Denn sie schenkt uns Luft, Wasser und Nahrung zum Leben. Umso wichtiger, dass wir sorgsam mit ihr umgehen. Spielerische Klappen zeigen, wo der Müll hingehört und wo nicht, welche verschiedenen Sorten Abfall es gibt – und wie wir ihn sogar vermeiden können. Auch Wasser können wir leicht sparen. Schon die Kleinsten finden sich im Buch wieder und helfen gern mit. Fröhliche Illustrationen und lustige Situationen sorgen dafür, dass der Spaß nicht zu kurz kommt.&lt;br/&gt;&lt;br/&gt;(Quelle: Amazon)</marc:subfield>
   </marc:datafield>
   <marc:datafield ind1=" " ind2=" " tag="020">
      <marc:subfield code="a">9783473600137</marc:subfield>
      <marc:subfield code="9">9783473600137</marc:subfield>
   </marc:datafield>
   <marc:datafield ind1=" " ind2=" " tag="041">
      <marc:subfield code="a">ger</marc:subfield>
   </marc:datafield>
   <marc:datafield ind1=" " ind2=" " tag="500">
      <marc:subfield code="a">ab 2 Jahre</marc:subfield>
   </marc:datafield>
   <marc:datafield ind1="0" ind2=" " tag="490">
      <marc:subfield code="v">43</marc:subfield>
   </marc:datafield>
   <marc:datafield ind1="1" ind2=" " tag="521">
      <marc:subfield code="a">0</marc:subfield>
   </marc:datafield>
   <marc:datafield ind1=" " ind2=" " tag="300">
      <marc:subfield code="a">16 ungezählte Seiten</marc:subfield>
   </marc:datafield>
</marc:record>
